Word Scramble - Germany - Statistics

General Stats
  • This quiz has been taken 90 times
  • The average score is 9 of 16
Answer Stats
Hint Answer % Correct
uichnm Munich
94%
duwlig anv hneebtove Ludwig van Beethoven
93%
klar mxra Karl Marx
91%
seceremd-zben Mercedes-Benz
90%
ehrin Rhine
90%
elnirb Berlin
89%
ghrambu Hamburg
80%
alaeng klerme Angela Merkel
70%
genrawslvoko Volkswagen
49%
hansafult Lufthansa
34%
hatouanb Autobahn
29%
grnünbirugr Nürburgring
29%
rbototserfk Oktoberfest
23%
dncethuldas Deutschland
17%
zleicsthn Schnitzel
9%
nbisaglued Bundesliga
4%
No matching quizzes found
Score Distribution
Percent of People with Each Score
Percentile by Number Answered
Your Score History
You have not taken this quiz